| 000 | 01360nam a2200337 i 4500 | ||
|---|---|---|---|
| 001 | 193732 | ||
| 003 | ES-MaACL | ||
| 005 | 20240209063133.0 | ||
| 007 | ta | ||
| 008 | 240207s1911||||fr a freb 000 0 fre d | ||
| 035 | _a(OCoLC)23412317 | ||
| 035 | _aocm23412317 | ||
| 035 | _a02196985X | ||
| 040 |
_aABES _bfre _eAFNOR _cES-MaACL |
||
| 100 | 1 |
_aFerroux, Georges, _d18..-....; _9235100 |
|
| 245 | 1 | 0 |
_aEssais des machines à courant continu / _cpar G. Ferroux .... |
| 264 | 1 |
_aParis : _bLibrairie des Sciences et de l'Industrie : _bL. Geisler, imprimeur-éditeur, _c1911. |
|
| 300 |
_a195 páginas : _bIlustraciones, diagramas ; _c25 cm. |
||
| 336 |
_btxt _2rdacontent _atexto |
||
| 337 |
_bn _2rdamedia _asin mediación |
||
| 337 |
_bn _2isbdmedia _asin mediación |
||
| 338 |
_bnga _2RDAfrCarrier _avolumen |
||
| 490 | 1 |
_aEncyclopédie électrotechnique ; _v47e Fascicule |
|
| 562 | _aOuvrage relié avec 3 autres documents de la collection "Encyclopédie électrotechnique | ||
| 650 | 7 |
_aMáquinas de corriente continua _9157493 |
|
| 830 |
_9235039 _aEncyclopédie électrotechnique ; _v47 |
||
| 852 |
_aES-MaACL _bR.M.8254 _9201266 _jD-8708 _cSVI _fSello en tinta en portada: "Ateneo de Madrid. Biblioteca" |
||
| 942 |
_n0 _cMONOGRAFIA |
||
| 999 |
_c193732 _d193732 |
||